| 000 | 01513cam a22003734a 4500 | ||
|---|---|---|---|
| 001 | 14473812 | ||
| 003 | OSt | ||
| 005 | 20230930121223.0 | ||
| 007 | co ugu|||||||| | ||
| 008 | 060728s2007 mdua b 001 0 eng | ||
| 010 |
_a 2006024925 _z 2006024929 |
||
| 016 | 7 |
_a101283639 _2DNLM |
|
| 020 | _a0781771951 | ||
| 020 | _a9780781771955 | ||
| 035 | _a(OCoLC)ocm70829719 | ||
| 040 |
_aDNLM/DLC _cDLC _dNLM _dBAKER _dC#P _dYDXCP _dBTCTA _dMUQ _dDLC |
||
| 042 | _apcc | ||
| 050 | 0 | 0 |
_aQR41.2 _b.B88 2007 |
| 082 | 0 | 0 | _aQW4 E32b 2007 |
| 100 | 1 |
_aEngelkirk, Paul G.; Burton, Gwendolyn R. W. _98989 |
|
| 245 | 1 | 0 | _aBurton's Microbiology for the Health sciences |
| 250 | _a8th ed. | ||
| 260 |
_aBaltimore; _bLippincott Williams & Wilkins, _c2007. |
||
| 300 |
_axvii, 398 p. : _bcol.ill ; _c28 cm. + _e1 CD-ROM (4 3/4 in.) |
||
| 500 | _aRev. ed. of: Microbiology for the health sciences / Gwendolyn R.W. Burton, Paul G. Engelkirk. 7th ed. c2004. | ||
| 504 | _aIncludes bibliographical references and index. | ||
| 650 | 0 |
_aMicrobiology. _9749 |
|
| 650 | 0 |
_aAllied health personnel. _98990 |
|
| 856 | 4 | 1 |
_3Table of contents only _uhttp://www.loc.gov/catdir/toc/ecip0618/2006024925.html |
| 856 | 4 | 2 |
_3Publisher description _uhttp://www.loc.gov/catdir/enhancements/fy0712/2006024925-d.html |
| 906 |
_a7 _bcbc _corignew _d1 _eecip _f20 _gy-gencatlg |
||
| 942 |
_2ddc _cO_SHELF |
||
| 999 |
_c4170 _d4170 |
||